000 00741nam a2200229 a 4500
001 36758
003 BD-RjUL
005 20211209052533.0
008 140830s1969 bg ||||| |||| 00| 0 ben d
020 _cPRs. 4.00
035 _a(BD-RjUL)36860
040 _aBD-RjUL
_bben
_cBD-RjUL
041 _aben
082 _a891.443
_bOSM 1969
_223
100 _aওসমান, বুলবন.
_9112133
245 1 0 _aমুকুরে মুখ /
_cবুলবন ওসমান
260 _aঢাকা :
_bইয়াফেস ওসমান,
_c১৯৬৯
300 _a[৮], ১১৭পৃ.;
_c২৩ সেমি.
650 _aবাংলা উপন্যাস
_9112134
650 _aBengali Fiction
_9112135
942 _2ddc
_cBK
999 _c36758
_d36758